000 00762pam a2200265 a 4500
999 _c2464
_d2464
001 015046192
003 UkOxU
005 20230602110118.0
008 990726s1999 enka j 000 1 eng d
015 _aGB 99-Z0350
020 _a9780141303185
035 _aBNB2551.481
040 _cBDS
_dKH8
082 0 _a823.914 FIN
_221
100 1 _aFine, Anne.
_eauthor
245 1 0 _aRoll over Roly /
_cAnne Fine ; illustrated by Philippe Dupasquier.
260 _aLondon :
_bPuffin,
_c1999.
300 _a57 p. :
_bill. ;
_c20 cm.
650 0 _aBoys
_vJuvenile fiction.
650 0 _aPuppies
_vJuvenile fiction.
650 0 _aParrots
_vJuvenile fiction.
650 0 _aDogs
_xTraining
_vJuvenile fiction.
700 1 _aDupasquier, Philippe.
_eill.
942 _2ddc
_cFIC